| 000 | 00676nam a2200193 i 4500 | ||
|---|---|---|---|
| 001 | 103833 | ||
| 003 | ES-MaACL | ||
| 005 | 20230906183444.0 | ||
| 007 | t| | ||
| 008 | 051118s1970 sp ||||1| spa d | ||
| 100 | 1 |
_aMerino Urrutia, José Juan Bautista. _980553 |
|
| 245 | 1 | 0 |
_aApuntes para la historia de Guecho / _cpor José Juan Bautista Merino Urrutia; prólogo... Joaquín de Zuazagoitia. |
| 250 | _a2ª ed. | ||
| 260 |
_aBilbao : _bJunta de Cultura de Vizcaya, _c1970. |
||
| 300 |
_a194 p., 1 lám., 2 map. pleg. ; _c22 cm. |
||
| 700 | 1 |
_aZuazagoitia, Joaquín de. _9118382 |
|
| 710 | 2 |
_aJunta de Cultura de Vizcaya. _95386 |
|
| 852 |
_aES-MaACL _jC-56597 _bR.89233 |
||
| 999 |
_c103833 _d103833 |
||